[Event "Montreal op"]
[Site "Montreal"]
[Date "2019.09.06"]
[Round "1"]
[White "Adriaanse, Adam"]
[Black "Rodrigue Lemieux, Shawn"]
[Result "0-1"]
[WhiteElo "1989"]
[BlackElo "2242"]
[PlyCount "112"]
[EventDate "2019.09.06"]
[EventType "swiss"]
[EventRounds "5"]
[EventCountry "CAN"]
[SourceTitle "EXT 2020"]
[Source "ChessBase"]
[SourceDate "2019.10.17"]
[SourceVersion "1"]
[SourceVersionDate "2019.10.17"]
[SourceQuality "1"]

1. e4 c6 2. d4 d5 3. Nc3 dxe4 4. Nxe4 Nf6 5. Nxf6+ exf6 6. c3 Bd6 7. Bd3 0-0 8. Ne2 Re8 9. Qc2 h5 10. 0-0 h4 11. Be3 Nd7 12. c4 Nf8 13. Nc3 Bc7 14. Rfe1 Bg4 15. d5 Nd7 16. c5 cxd5 17. Nxd5 Be5 18. Rac1 Rc8 19. Qa4 Be6 20. Be4 Bxd5 21. Bxd5 Nxc5 22. Qc4 Ne6 23. Qxc8 Qxc8 24. Rxc8 Rxc8 25. Bxa7 Bxb2 26. Kf1 Be5 27. Rb1 Rc2 28. h3 b5 29. Rxb5 Nf4 30. Be3 Nxd5 31. Rxd5 Rxa2 32. Rd7 Ra4 33. Ke2 g5 34. Rd5 Ba1 35. Kf3 Kg7 36. g4 hxg3 37. fxg3 Kg6 38. g4 Be5 39. Rb5 Ra3 40. Ke4 Ra2 41. Rb3 Rh2 42. Bg1 Rg2 43. Bc5 Rc2 44. Be3 Ra2 45. Bc5 Ra1 46. Bb6 Rf1 47. Be3 Ba1 48. Ra3 Re1 49. Rb3 Be5 50. Rd3 Bf4 51. Kf3 Rxe3+ 52. Rxe3 Bxe3 53. Kxe3 f5 54. Kd4 fxg4 55. hxg4 f5 56. gxf5+ Kxf5 0-1

[Event "Ottawa Eastern Ontario op"]
[Site "Ottawa"]
[Date "2019.06.15"]
[Round "3.7"]
[White "Adriaanse, Adam"]
[Black "Collins, Chris"]
[Result "1-0"]
[WhiteElo "2211"]
[BlackElo "1977"]
[PlyCount "33"]
[EventDate "2019.06.14"]
[EventType "swiss"]
[EventRounds "5"]
[EventCountry "CAN"]
[SourceTitle "EXT 2022"]
[Source "ChessBase"]
[SourceDate "2021.10.06"]
[SourceVersion "1"]
[SourceVersionDate "2021.10.06"]
[SourceQuality "1"]

1. e4 e5 2. Nf3 Nc6 3. Bc4 Bc5 4. c3 Nf6 5. d3 a6 6. Nbd2 Ba7 7. 0-0 0-0 8. h3 d6 9. Bb3 Be6 10. Re1 Qd7 11. Nf1 Nh5 12. Ng5 Nf4 13. d4 h6 14. Nf3 Bxb3 15. axb3 Qe7 16. Ne3 g6 17. Nd5 1-0

[Event "Montreal op"]
[Site "Montreal"]
[Date "2018.09.07"]
[Round "1"]
[White "Hirschberg, Valerian"]
[Black "Adriaanse, Adam"]
[Result "1-0"]
[WhiteElo "2308"]
[BlackElo "1977"]
[PlyCount "77"]
[EventDate "2018.09.07"]
[EventType "swiss"]
[EventRounds "5"]
[EventCountry "CAN"]
[SourceTitle "CBM 186 Extra"]
[Source "ChessBase"]
[SourceDate "2018.08.24"]
[SourceVersion "1"]
[SourceVersionDate "2018.08.24"]
[SourceQuality "1"]

1. Nf3 Nf6 2. c4 c5 3. g3 g6 4. Bg2 Bg7 5. Nc3 Nc6 6. 0-0 0-0 7. d4 cxd4 8. Nxd4 Qa5 9. Nb3 Qh5 10. e4 Qxd1 11. Rxd1 d6 12. h3 a5 13. Na4 Be6 14. c5 Rad8 15. Be3 d5 16. e5 Nxe5 17. Nxa5 Nc6 18. Nxc6 bxc6 19. Bd4 Bf5 20. Nb6 Rfe8 21. b4 e5 22. Bb2 Bh6 23. f4 Bc2 24. Rdc1 Be4 25. Bxe5 Nh5 26. b5 f6 27. Bxe4 dxe4 28. Bd6 Nxg3 29. bxc6 Ne2+ 30. Kf2 Nxf4 31. Rc3 Nd3+ 32. Ke2 Nf4+ 33. Kf1 e3 34. c7 e2+ 35. Kf2 Ra8 36. Nxa8 Rxa8 37. Re1 Kf7 38. Rf3 Nd5 39. Rxe2 1-0

[Event "Gatineau op-A"]
[Site "Gatineau"]
[Date "2015.03.??"]
[Round "2"]
[White "Adriaanse, Adam"]
[Black "Gauthier, Denis"]
[Result "1/2-1/2"]
[WhiteElo "2132"]
[BlackElo "1931"]
[PlyCount "131"]
[EventDate "2015.03.07"]
[EventType "swiss"]
[EventRounds "5"]
[EventCountry "CAN"]
[SourceTitle "EXT 2016"]
[Source "ChessBase"]
[SourceDate "2015.10.08"]
[SourceVersion "1"]
[SourceVersionDate "2015.10.08"]
[SourceQuality "1"]

1. e4 c5 2. Nf3 Nc6 3. c3 Nf6 4. e5 Nd5 5. d4 cxd4 6. cxd4 d6 7. Bc4 e6 8. Qe2 Be7 9. 0-0 0-0 10. Nc3 Nxc3 11. bxc3 b6 12. d5 Nxe5 13. Nxe5 dxe5 14. dxe6 Bxe6 15. Bxe6 fxe6 16. Qxe5 Qd7 17. Bb2 Bf6 18. Qe2 Rad8 19. Rfd1 Qc6 20. a4 Rfe8 21. Qb5 Qe4 22. a5 Qc2 23. Rdc1 Qf5 24. Qe2 Qd3 25. Kf1 b5 26. Rd1 Qc4 27. Qxc4 bxc4 28. Ke2 a6 29. Ra4 Rxd1 30. Kxd1 Rc8 31. Kc2 Kf7 32. Ba3 Ke8 33. Bb4 Kd7 34. Ra1 Kc6 35. Re1 e5 36. Kd2 Rd8+ 37. Ke3 Rd3+ 38. Ke4 Rd2 39. f4 exf4 40. Kxf4 Rxg2 41. Re6+ Kb5 42. Rb6+ Ka4 43. Rxa6 Kb3 44. Rc6 Bxc3 45. Bxc3 Kxc3 46. h3 Kb4 47. Ke4 Kb5 48. Rc7 Rg3 49. Kd4 Rxh3 50. Rxg7 Rh4+ 51. Kc3 Kxa5 52. Rc7 Kb5 53. Rb7+ Kc6 54. Rg7 h5 55. Rg6+ Kd5 56. Rg5+ Ke6 57. Rc5 Kf6 58. Rc6+ Kg5 59. Rc5+ Kf4 60. Rxc4+ Kg3 61. Rc5 Rh1 62. Kd3 h4 63. Ke2 Ra1 64. Rg5+ Kh2 65. Kf2 Ra2+ 66. Kf1 1/2-1/2

[Event "Wch U16"]
[Site "Durban"]
[Date "2014.09.21"]
[Round "2"]
[White "Modi, Sachin"]
[Black "Adriaanse, Adam"]
[Result "1-0"]
[WhiteElo "1676"]
[BlackElo "1922"]
[PlyCount "103"]
[EventDate "2014.09.20"]
[EventType "swiss"]
[EventRounds "11"]
[EventCountry "RSA"]
[SourceTitle "CBM 162 Extra"]
[Source "ChessBase"]
[SourceDate "2014.10.17"]
[SourceVersion "1"]
[SourceVersionDate "2014.10.17"]
[SourceQuality "1"]

1. e4 c5 2. Nf3 g6 3. g3 Bg7 4. Bg2 Nc6 5. 0-0 Nf6 6. d3 0-0 7. Re1 d5 8. Nbd2 Qc7 9. Qe2 h6 10. Nf1 Bg4 11. c3 Ne5 12. Bf4 Bxf3 13. Bxe5 Qxe5 14. Bxf3 d4 15. Rac1 Rfd8 16. Bg2 dxc3 17. bxc3 Qc7 18. Red1 Rac8 19. Ne3 e6 20. f4 b5 21. d4 cxd4 22. cxd4 Qxc1 23. Rxc1 Rxc1+ 24. Kf2 a6 25. e5 Nd5 26. Bxd5 exd5 27. Qb2 Rc7 28. Qb3 Kh7 29. Kf3 Bf8 30. Nxd5 Rc4 31. Ne3 Rdxd4 32. Nxc4 Rxc4 33. Qd3 Kg8 34. e6 Rc7 35. exf7+ Kg7 36. Qd4+ Kxf7 37. Qd5+ Ke7 38. Qe5+ Kd7 39. Qf6 Be7 40. Qxa6 b4 41. Qd3+ Kc8 42. Qxg6 Rc3+ 43. Ke4 Rc2 44. h4 Kd7 45. Qf5+ Ke8 46. Qd5 Rg2 47. Kf3 Rc2 48. f5 Rc5 49. Qe6 Rc1 50. Kg4 Rf1 51. Qg8+ Kd7 52. Qd5+ 1-0

[Event "CAN-ch U16"]
[Site "Montreal"]
[Date "2014.07.18"]
[Round "7"]
[White "Chiku Ratte, Olivier Kenta"]
[Black "Adriaanse, Adam"]
[Result "1-0"]
[WhiteElo "2278"]
[BlackElo "2147"]
[PlyCount "67"]
[EventDate "2014.07.15"]
[EventType "swiss"]
[EventRounds "7"]
[EventCountry "CAN"]
[SourceTitle "EXT 2022"]
[Source "ChessBase"]
[SourceDate "2021.10.06"]
[SourceVersion "1"]
[SourceVersionDate "2021.10.06"]
[SourceQuality "1"]

1. d4 Nf6 2. c4 e6 3. Nc3 Bb4 4. e3 b6 5. Nge2 Bb7 6. a3 Bxc3+ 7. Nxc3 0-0 8. d5 d6 9. g3 c6 10. Bg2 cxd5 11. cxd5 Nbd7 12. 0-0 e5 13. e4 Rc8 14. f4 Ba6 15. Rf2 exf4 16. Bxf4 Nc5 17. Bg5 Nd3 18. Rf5 Nxb2 19. Qf3 Qc7 20. Bxf6 gxf6 21. Rh5 f5 22. Qxf5 f6 23. Bf1 Bxf1 24. Rxf1 Rf7 25. Ne2 Nc4 26. Qe6 Qc5+ 27. Kh1 Ne3 28. Rxh7 Kxh7 29. Qxf7+ Kh8 30. Qxf6+ Kg8 31. Qf7+ Kh8 32. Nf4 Rg8 33. Qh5+ Kg7 34. Ne6# 1-0

[Event "Gatineau op"]
[Site "Gatineau"]
[Date "2014.03.01"]
[Round "2"]
[White "Adriaanse, Adam"]
[Black "Hebert, Jean"]
[Result "0-1"]
[WhiteElo "2097"]
[BlackElo "2431"]
[PlyCount "108"]
[EventDate "2014.01.28"]
[EventType "swiss"]
[EventRounds "5"]
[EventCountry "CAN"]
[SourceTitle "EXT 2015"]
[Source "ChessBase"]
[SourceDate "2014.11.20"]
[SourceVersion "1"]
[SourceVersionDate "2014.11.20"]
[SourceQuality "1"]

1. e4 e6 2. Nf3 d5 3. exd5 exd5 4. d4 Bd6 5. Bd3 Ne7 6. 0-0 0-0 7. b3 Ng6 8. Re1 Nd7 9. Bb2 c6 10. Nbd2 Nf4 11. Bf1 Nf6 12. Ne5 a5 13. c4 dxc4 14. Nexc4 Bb4 15. a3 Bxd2 16. Qxd2 N6d5 17. Rac1 Qg5 18. Kh1 Qd8 19. g3 Ng6 20. Bg2 a4 21. b4 Be6 22. Na5 Qd7 23. Qc2 Nge7 24. Nc4 f6 25. Qe4 Bf7 26. Nb6 Nxb6 27. Qxe7 Rfd8 28. b5 cxb5 29. Bxb7 Bd5+ 30. Bxd5+ Nxd5 31. Qxd7 Rxd7 32. Rc5 Rb8 33. Bc3 Kf7 34. Rb1 Nxc3 35. Rxc3 Rxd4 36. Rc5 g5 37. Kg2 b4 38. axb4 Rbxb4 39. Rbc1 a3 40. Ra5 Ra4 41. Rc7+ Ke6 42. Rca7 Rxa5 43. Rxa5 Rd3 44. Kf1 Rc3 45. Ke1 Rb3 46. h3 Rb1+ 47. Kd2 Rb2+ 48. Kc1 Rxf2 49. Rxa3 h5 50. g4 hxg4 51. hxg4 Ke5 52. Rg3 Rf1+ 53. Kd2 Kf4 54. Rg2 Kf3 0-1

[Event "Eastern Ontario op"]
[Site "Ottawa"]
[Date "2013.06.22"]
[Round "2"]
[White "Yuan, Yuanling"]
[Black "Adriaanse, Adam"]
[Result "1-0"]
[WhiteElo "2336"]
[BlackElo "1909"]
[PlyCount "103"]
[EventDate "2013.06.21"]
[EventType "swiss"]
[EventRounds "5"]
[EventCountry "CAN"]
[SourceTitle "EXT 2014"]
[Source "ChessBase"]
[SourceDate "2013.11.20"]
[SourceVersion "1"]
[SourceVersionDate "2013.11.20"]
[SourceQuality "1"]

1. e4 e5 2. Nf3 Nf6 3. Nxe5 d6 4. Nf3 Nxe4 5. d4 d5 6. Bd3 Bd6 7. 0-0 Nd7 8. c4 c6 9. Nc3 Nxc3 10. bxc3 0-0 11. c5 Bc7 12. Bg5 f6 13. Bh4 b6 14. Qc2 g6 15. Rfe1 Kg7 16. Ne5 Bxe5 17. dxe5 Qc7 18. exf6+ Nxf6 19. Bg3 Qf7 20. Bd6 Re8 21. Rxe8 Qxe8 22. Qd2 Ne4 23. Bxe4 dxe4 24. Qd4+ Kg8 25. Qf6 Bb7 26. Be5 Qd7 27. Qh8+ Kf7 28. Qxh7+ Ke6 29. Qh3+ Ke7 30. Bf6+ Ke8 31. Qh8+ Kf7 32. Qg7+ Ke6 33. Qxg6 Qf7 34. Qxf7+ Kxf7 35. Bd4 b5 36. Re1 Re8 37. g4 Bc8 38. h3 Be6 39. a3 Bd5 40. Kh2 Rf8 41. Kg3 Kg6 42. Re3 Rf7 43. h4 Rf8 44. Be5 Rf7 45. Bf4 Rh7 46. h5+ Kf6 47. Kh4 Rh8 48. Rg3 Bf7 49. Be3 Ke6 50. Bd4 Rh7 51. Kg5 a6 52. Re3 1-0